Score 0/50 Timer 02:00
4 Plays Today
Rank City % Correct
1New York
97.7%
2Los Angeles
94.3%
3Chicago
92.4%
4Houston
88%
9Dallas
87.8%
13San Francisco
80.1%
5Philadelphia
79.3%
6Phoenix
77.8%
8San Diego
74.7%
44Miami
73.8%
14Austin
68.4%
22Boston
65.7%
7San Antonio
65.2%
23Seattle
61.6%
26Denver
61.5%
18Detroit
60.3%
24Washington, D.C.
58.4%
12Indianapolis
56.3%
25Nashville
51.2%
15Columbus
49.9%
30Las Vegas
49.1%
10San Jose
48.9%
29Portland
48.9%
11Jacksonville
48.6%
21Baltimore
48.5%
Rank City % Correct
45Cleveland
46.9%
20Memphis
43.5%
17Charlotte
42.9%
40Atlanta
40.9%
16Fort Worth
40.2%
35Sacramento
39.9%
31Oklahoma City
37.4%
19El Paso
36.2%
28Milwaukee
34.9%
27Louisville
32.9%
43Raleigh
31.9%
37Kansas City
31.2%
47Oakland
27.4%
48Minneapolis
27.1%
33Tucson
25.9%
32Albuquerque
22.1%
34Fresno
19.6%
42Omaha
17.7%
46Tulsa
17%
38Mesa
17%
36Long Beach
14.4%
39Virginia Beach
13.9%
41Colorado Springs
12.4%
50Arlington
12.2%
49Wichita
11%

You're not logged in!

Compare scores with friends on all Sporcle quizzes.
OR
Log In

Sporcle TV

Today on Sporcle TV


Watch our educational content, quiz creation guides, and fun videos on Sporcle TV.

Show Comments

Extras

Top Quizzes Today


Score Distribution

Paid Content

Your Account Isn't Verified!

In order to create a playlist on Sporcle, you need to verify the email address you used during registration. Go to your Sporcle Settings to finish the process.

Report this User

Report this user for behavior that violates our Community Guidelines.

Details: